INTERNATIONAL GCSE GEOGRAPHY (Record no. 3995)

MARC details
000 -LEADER
fixed length control field 00430nam a22001577a 4500
003 - CONTROL NUMBER IDENTIFIER
control field OSt
005 - DATE AND TIME OF LATEST TRANSACTION
control field 20230404101509.0
008 - FIXED-LENGTH DATA ELEMENTS--GENERAL INFORMATION
fixed length control field 230404b |||||||| |||| 00| 0 eng d
020 ## - INTERNATIONAL STANDARD BOOK NUMBER
International Standard Book Number 978-0-19-841718-7
040 ## - CATALOGING SOURCE
Transcribing agency CML
082 ## - DEWEY DECIMAL CLASSIFICATION NUMBER
Classification number 910ROS
245 ## - TITLE STATEMENT
Title INTERNATIONAL GCSE GEOGRAPHY
Statement of responsibility, etc. BY ROSS, SIMON et al
260 ## - PUBLICATION, DISTRIBUTION, ETC.
Place of publication, distribution, etc. UNITED KINGDOM
Name of publisher, distributor, etc. OXFORD UNIVERSITY PRESS
Date of publication, distribution, etc. 2018
300 ## - PHYSICAL DESCRIPTION
Other physical details chiefly ill.
Dimensions v, 364p.
942 ## - ADDED ENTRY ELEMENTS (KOHA)
Source of classification or shelving scheme Dewey Decimal Classification
Koha item type Books
Call number prefix 910
Call number suffix ROS
Holdings
Withdrawn status Lost status Source of classification or shelving scheme Damaged status Not for loan Collection code Home library Current library Shelving location Date acquired Total Checkouts Full call number Barcode Date last seen Copy number Price effective from Koha item type
    Dewey Decimal Classification     Geography & History Chalimbana Main Library Chalimbana Main Library Geography & History 04/04/2023   910.02ROS 9780198417422 04/04/2023 1 04/04/2023 Books
    Dewey Decimal Classification     Geography & History Chalimbana Main Library Chalimbana Main Library Geography & History 04/04/2023   910ROS 9780198417187 04/04/2023 1 04/04/2023 Books

Powered by Koha